Doctor Who Episodes by Emoji (only 2005-2024) - Statistics

General Stats
  • This quiz has been taken 78 times
  • The average score is 14 of 25
Answer Stats
No. words Emojis Answer % Correct
1 🌹 Rose
93%
1 😁 Smile
91%
3 πŸ¦·βž•πŸΎ Tooth and claw
81%
2 πŸ₯ΆπŸ©Έ Cold Blood
76%
4 πŸ€«πŸ“šπŸ’ Silence in the Library
76%
2 πŸ‘ΏπŸΊ Bad wolf
72%
1 πŸ’₯ Boom
69%
2 ↩ Turn Left
67%
5 πŸ§»πŸ§ŸπŸ”›πŸš† Mummy on the Orient Express
65%
4 πŸ‘ͺ🩸 The Family of Blood
65%
3 😴🚫 Sleep No More
63%
3 πŸ§‘β€βš•πŸ•Ί The Doctor Dances
61%
3 πŸ‘ΏπŸ•³ The Satan Pit
61%
2 πŸŒŒπŸ‘ΆπŸ‘ΆπŸ‘ΆπŸ‘Ά Space Babies
59%
1 πŸ›£πŸ”’ Gridlock
56%
2 ✨🌍 New Earth
56%
3 πŸŸ₯😱 The Crimson Horror
50%
3 πŸ₯©βž•πŸͺ¨ Flesh and Stone
48%
4 πŸ“…πŸŒ• Day of the Moon
44%
1 πŸ˜ƒπŸ˜„πŸ˜ƒ Blink
41%
3 πŸ‘Ήβ¬‡ The Beast Below
41%
6 πŸšΊπŸ‚πŸŒ The Woman Who Fell to Earth
35%
2 β˜πŸ‘ΌπŸ“€ Heaven Sent
28%
3 πŸ‘»πŸ—½ The Ghost Monument
22%
3 πŸ€πŸ§‘πŸ§‘πŸ§‘πŸ§‘πŸ§‘πŸ§‘ The Almost People
7%
No matching quizzes found
Score Distribution
Percent of People with Each Score
Percentile by Number Answered
Your Score History
You have not taken this quiz